Statistics for Subdivision capitals closest to Zrenjanin (RS)

Click here to take the quiz!

General Stats

  • This quiz has been taken 3 times
  • The average score is 9 of 20

Answer Stats

Distance (km)Answer% Correct
463Beograd
100%
145Novi Sad
100%
20158Kragujevac
67%
998Subotica
67%
13114Arad
33%
19154Békéscsaba
33%
17136Brčko
33%
250Kikinda
33%
18138Orašje
33%
16135Osijek
33%
360Pančevo
33%
11105Požarevac
33%
14116Reșița
33%
788Šabac
33%
890Smederevo
33%
577Sremska Mitrovica
33%
1098Szeged
33%
677Timișoara
33%
15130Valjevo
33%
12109Vukovar
33%

Score Distribution

Percentile by Number Answered

Percent of People with Each Score

Your Score History

You have not taken this quiz